000 00649nam a2200277Ia 4500
005 20260324133640.0
008 008 260324s9999 xx 000 0 eng d
020 _a9780203696965
037 _aEBOOK
040 _aCRL
040 _beng
040 _cCRL
041 _2eng
041 _aeng
084 _qCRL
100 _aSimon Jenkins; Jean Aitchison; Diana Lewis
_91193869
245 0 _aNew Media Language
260 _bTaylor and Francis
260 _c2003
365 _a
365 _b230
856 _uhttp://www.taylorfrancis.com/books/9780203696965
942 _cEBOOK
999 _c1793147
_d1793147